Pacientka dra hegla.

Bibliographic Details
Main Author: Pujmanová, Marie, 1893-1958
Format: Book
Language:Czech
Published: Praha : Nakladatelství Melantrich A.S., 1931.

MARC

Tag First Indicator Second Indicator Subfields
LEADER 00000cam a22000005 4500
001 in00001402839
005 20151020053047.0
008 950221s1931 xr 000 0 cze d
035 |a (OCoLC)32025008 
035 |9 AHM6868AM 
040 |a INU  |c INU  |d UtOrBLW 
049 |a TXAM 
090 |a PG5038.P8  |b P27 1931 
092 |a 891.86  |b P979p 
100 1 |a Pujmanová, Marie,  |d 1893-1958. 
245 1 0 |a Pacientka dra hegla. 
264 1 |a Praha :  |b Nakladatelství Melantrich A.S.,  |c 1931. 
300 |a 143 pages ;  |c 20 cm. 
336 |a text  |b txt  |2 rdacontent 
337 |a unmediated  |b n  |2 rdamedia 
338 |a volume  |b nc  |2 rdacarrier 
541 0 |a Donated by Mr. and Mrs. Peter Lampa. 
999 |a MARS 
999 f f |s c13f09e4-2d37-3ab0-a31d-1befabad266d  |i 409d93f5-cac7-314e-88ca-257ab454e5f9  |t 0 
952 f f |p ric  |a Texas A&M University  |b Rellis Campus  |c Joint Library Facility  |s JLF  |d Remote Storage  |t 0  |e PG5038.P8 P27 1931  |h Library of Congress classification  |i unmediated -- volume  |m A14822019056 
998 f f |a PG5038.P8 P27 1931  |t 0  |l Remote Storage